00455 2200169 4500001002100000005001500021035002000036245005000056100002100106250000600127300001800133260006200151082001600213084002200229020001800251650001600269INLIS00000000000203420250320012244 a0010-03250000791 asindiwe dan kunang-kunang /cpienaar, cherene1 apienaar, cherene a1 a20 ;c21 x 29 ajakarta :bbadan pengembangan dan pembinaan bahasa,c2021 a398.209 598 a398.209 598 PIE s a9786233072854 4acerita anak